Buon Natale da Nini Rosso (Record n. 103161)
[ formato base ]
| 000 -LEADER | |
|---|---|
| fixed length control field | 02923njm a2200481Ia 4500 |
| 001 - CONTROL NUMBER | |
| control field | 24312 |
| 003 - CONTROL NUMBER IDENTIFIER | |
| control field | IT-RoPAU |
| 005 - DATE AND TIME OF LATEST TRANSACTION | |
| control field | 20220918181203.0 |
| 008 - FIXED-LENGTH DATA ELEMENTS--GENERAL INFORMATION | |
| fixed length control field | 131025s9999 xx 000 0 und d |
| 040 ## - CATALOGING SOURCE | |
| Original cataloging agency | IT-RoPAU |
| 040 ## - CATALOGING SOURCE | |
| Transcribing agency | IT-RoPAU |
| 999 ## - SYSTEM CONTROL NUMBERS (KOHA) | |
| Koha Dewey Subclass [OBSOLETE] | n.d. |
| 100 ## - MAIN ENTRY--PERSONAL NAME | |
| Personal name | AA.VV |
| 9 (RLIN) | 794 |
| 100 ## - MAIN ENTRY--PERSONAL NAME | |
| Relator term | Autore musica |
| 9 (RLIN) | 10125 |
| 100 ## - MAIN ENTRY--PERSONAL NAME | |
| Miscellaneous information | Codice autore musica SPICS: 12000 |
| 9 (RLIN) | 796 |
| 245 ## - TITLE STATEMENT | |
| Title | Buon Natale da Nini Rosso |
| 250 ## - EDITION STATEMENT | |
| Edition statement | 1a ed. |
| 260 ## - PUBLICATION, DISTRIBUTION, ETC. (IMPRINT) | |
| Place of publication, distribution, etc. | MILANO |
| 260 ## - PUBLICATION, DISTRIBUTION, ETC. (IMPRINT) | |
| Name of publisher, distributor, etc. | DURIUM RECORD |
| Date of publication, distribution, etc. | 1966 [1a Ed.:1966] |
| 300 ## - PHYSICAL DESCRIPTION | |
| Extent | DISCO |
| 500 ## - GENERAL NOTE | |
| General note | Musica strumentale. Arrangiamento. Canti di Natale |
| 505 ## - FORMATTED CONTENTS NOTE | |
| Formatted contents note | Lenta scende la neve - Petit papà Noel (Papà Natale) - E' sbocciata una rosa - Felice Natale - Adeste fideles - Jingle Bells - Dall'alto dei cieli - Figlia di Sion sii felice - Albero di Natale - Venite bambini - O tu dolcissima - Santa notte - Ave Maria - Bianco Natale - Ogni anno si rinnova - Sull'albero di Natale brillano le luci - Venite pastori - Le campane non hanno mai suonato più dolcemente - Tu scendi dalle stelle - Il piccolo tamburino |
| 511 ## - PARTICIPANT OR PERFORMER NOTE | |
| Participant or performer note | Direttore d'orchestra: Bruhn Christian |
| 650 ## - SUBJECT ADDED ENTRY--TOPICAL TERM | |
| Topical term or geographic name as entry element | ARRANGIAMENTO [DISCHI] |
| Relator term | Codice MATERIA SPICS: 9950 |
| 9 (RLIN) | 10126 |
| 700 ## - ADDED ENTRY--PERSONAL NAME | |
| Personal name | Bruhn Christian |
| Relator term | Autore |
| Miscellaneous information | Codice autore SPICS: 14473 |
| 9 (RLIN) | 10127 |
| 700 ## - ADDED ENTRY--PERSONAL NAME | |
| Personal name | Rosso Nini |
| Miscellaneous information | Codice interprete SPICS: 8171 |
| Relator term | Interprete |
| 9 (RLIN) | 10128 |
| 700 ## - ADDED ENTRY--PERSONAL NAME | |
| Personal name | Gruber Franz |
| Miscellaneous information | Codice autore musica SPICS: 10935 |
| Relator term | Autore musica |
| Name of part/section of a work | Stille Nacht (Santa notte-Heilige Nacht) |
| 9 (RLIN) | 10129 |
| 700 ## - ADDED ENTRY--PERSONAL NAME | |
| Personal name | Bach Johann Sebastian |
| Miscellaneous information | Codice autore musica SPICS: 9695 |
| Relator term | Autore musica |
| Name of part/section of a work | Ave Maria |
| 9 (RLIN) | 10130 |
| 700 ## - ADDED ENTRY--PERSONAL NAME | |
| Personal name | Gounod Charles |
| Miscellaneous information | Codice autore SPICS: 10670 |
| Relator term | Autore |
| Name of part/section of a work | Ave Maria |
| 9 (RLIN) | 10131 |
| 700 ## - ADDED ENTRY--PERSONAL NAME | |
| Personal name | Schulz Charles M. |
| Miscellaneous information | Codice autore musica SPICS: 1444 |
| Relator term | Autore musica |
| Name of part/section of a work | Venite bambini |
| 9 (RLIN) | 10132 |
| 700 ## - ADDED ENTRY--PERSONAL NAME | |
| Personal name | Schmid Fridolin |
| Miscellaneous information | Codice autore SPICS: 1475 |
| Relator term | Autore musica |
| Name of part/section of a work | Venite bambini |
| 9 (RLIN) | 10133 |
| 700 ## - ADDED ENTRY--PERSONAL NAME | |
| Personal name | Luther M. |
| Miscellaneous information | Codice autore musica SPICS: 27418 |
| Relator term | Autore musica |
| Name of part/section of a work | Dall'alto dei cieli |
| 9 (RLIN) | 10134 |
| 700 ## - ADDED ENTRY--PERSONAL NAME | |
| Personal name | Ebel Marianne |
| Miscellaneous information | Codice autore musica SPICS: 12095 |
| Relator term | Autore musica |
| Name of part/section of a work | Lenta scende la neve |
| 9 (RLIN) | 10135 |
| 700 ## - ADDED ENTRY--PERSONAL NAME | |
| Personal name | Berlin |
| Miscellaneous information | Codice autore musica SPICS: 20144 |
| Relator term | Autore musica |
| Name of part/section of a work | Bianco Natale |
| 9 (RLIN) | 10136 |
| 700 ## - ADDED ENTRY--PERSONAL NAME | |
| Personal name | Silcher F. |
| Miscellaneous information | Codice autore musica SPICS: 14461 |
| Relator term | Autore musica |
| Name of part/section of a work | Ogni anno si rinnova |
| 9 (RLIN) | 10137 |
| 700 ## - ADDED ENTRY--PERSONAL NAME | |
| Personal name | Hey W. |
| Miscellaneous information | Codice autore SPICS: 27419 |
| Relator term | Autore |
| Name of part/section of a work | Ogni anno si rinnova |
| 9 (RLIN) | 10138 |
| 700 ## - ADDED ENTRY--PERSONAL NAME | |
| Personal name | Simeone M. |
| Miscellaneous information | Codice autore musica SPICS: 15527 |
| Relator term | Autore musica |
| Name of part/section of a work | Il piccolo tamburino |
| 9 (RLIN) | 10139 |
| 700 ## - ADDED ENTRY--PERSONAL NAME | |
| Personal name | Onorati H. |
| Miscellaneous information | Codice autore SPICS: 15528 |
| Relator term | Autore |
| Name of part/section of a work | Il piccolo tamburino |
| 9 (RLIN) | 10140 |
| 700 ## - ADDED ENTRY--PERSONAL NAME | |
| Personal name | Davis |
| Miscellaneous information | Codice autore testo/musica SPICS: 20478 |
| Relator term | Autore testo/musica |
| Name of part/section of a work | Il piccolo tamburino |
| 9 (RLIN) | 10141 |
| 700 ## - ADDED ENTRY--PERSONAL NAME | |
| Personal name | Martinet Hanne |
| Miscellaneous information | Codice autore musica SPICS: 19716 |
| Relator term | Autore musica |
| Name of part/section of a work | Petit papa Noel (Papà Natale) |
| 9 (RLIN) | 10142 |
| 700 ## - ADDED ENTRY--PERSONAL NAME | |
| Personal name | Vinci R. |
| Miscellaneous information | Codice autore SPICS: 27420 |
| Relator term | Autore |
| Name of part/section of a work | Petit papa Noel (Papà Natale) |
| 9 (RLIN) | 10143 |
| 942 ## - ADDED ENTRY ELEMENTS (KOHA) | |
| Koha item type | DISCHI |
| Source of classification or shelving scheme | Dewey Decimal Classification |
| Withdrawn status | Lost status | Damaged status | Not for loan | Home library | Current library | Date acquired | Total Checkouts | Full call number | Date last seen | Price effective from | Koha item type | Public note |
|---|---|---|---|---|---|---|---|---|---|---|---|---|
| Buone Condizioni | Not For Loan | SPICS-MEDIATECA | SPICS-MEDIATECA | 25/10/2013 | 24312 | 25/10/2013 | 25/10/2013 | DISCHI | Progr. Ins.: 5157 / N.Vol.: 1 / Copie: 1 - Copia rara: n.d. / date import: 01.01.2014 - By Epidotti, Trombetti, Vaglietti |